DTLR publishes new leasehold leaflets (Record no. 70390)

MARC details
000 -LEADER
fixed length control field 00991cam a2200229 4500
001 - CONTROL NUMBER
control field WB3820-18
008 - FIXED-LENGTH DATA ELEMENTS--GENERAL INFORMATION
fixed length control field 020529n2002 000 0 eng u
035 ## - SYSTEM CONTROL NUMBER
System control number (Sirsi) u118209
245 ## - TITLE STATEMENT
Title DTLR publishes new leasehold leaflets
260 ## - PUBLICATION, DISTRIBUTION, ETC.
Date of publication, distribution, etc. 2002
490 ## - SERIES STATEMENT
Series statement RICS Residential Faculty News
Volume/sequential designation 23 May 2002 (1)
520 ## - SUMMARY, ETC.
Summary, etc. The DTLR has published three leaflets advising leaseholders on security of tenure, right of first refusal and rights and responsibilities for long leaseholders. Deals with the law as it stands in May 2002. The Commonhold and Leasehold Reform Act 2002 is not referred to as not yet in force. The leaflets can be accessed at http://www.rics.org/ricscms/bin/show?class=News&template=/includes/shownews.html&id=2599
590 ## - LOCAL NOTE (RLIN)
Local note WB
650 ## - SUBJECT ADDED ENTRY--TOPICAL TERM
Topical term or geographic name entry element LEASEHOLD ENFRANCHISEMENT
650 ## - SUBJECT ADDED ENTRY--TOPICAL TERM
Topical term or geographic name entry element LEASE EXTENSION
650 ## - SUBJECT ADDED ENTRY--TOPICAL TERM
Topical term or geographic name entry element DTLR
650 ## - SUBJECT ADDED ENTRY--TOPICAL TERM
Topical term or geographic name entry element SECURITY OF TENURE
650 ## - SUBJECT ADDED ENTRY--TOPICAL TERM
Topical term or geographic name entry element LEASEHOLDERS
650 ## - SUBJECT ADDED ENTRY--TOPICAL TERM
Topical term or geographic name entry element ADVICE
690 ## - LOCAL SUBJECT ADDED ENTRY--TOPICAL TERM (OCLC, RLIN)
Topical term or geographic name as entry element LANDLORD AND TENANT-LEASES
942 ## - ADDED ENTRY ELEMENTS (KOHA)
Suppress in OPAC 0
Holdings
Withdrawn status Lost status Source of classification or shelving scheme Damaged status Not for loan Home library Current library Shelving location Date acquired Total Checkouts Full call number Barcode Date last seen Copy number Price effective from Koha item type
    Dewey Decimal Classification     London London News article 29/05/2002   WB3820-18 118209-1001 06/08/2019 1 06/08/2019 News article